000 00860nas a2200277 4500
001 BR9511894
003 BR-BrBNA
005 20231205095638.0
007 ta
008 230509b bl.|||p| |||| 00| 00por d
040 _aBR-BrBNA
_bpor
_cBiblioteca Nacional de Agricultura
041 _a(Pt)
072 _aF04; F30
100 1 _aSabino, N.P.
100 1 _aSilva, N.M. da
100 1 _aKando, J.S.
100 1 _aIgue, T.
245 1 _aEfeitos da aplicacao de ureia e de sulfato de amonio nas caracteristicas agronomicas e propriedades tecnologicas da fibra do algodoeiro
650 _aAlgodao
650 _aUreia
650 _aSulfato de Amonia
650 _aCaracteristicas Agronomicas
773 0 _tBragantia (Brazil)
_xISSN 0006-8705
_g(1994), v. 53(1) p. 75-82
_wBR9511894
909 _a202311
_bLúcia
_c55
_dLúcia Elande
942 _2AGRIS
_n0
_cANA
999 _c151883
_d151883